Využitie umelej inteligencie v hraní šachu s neštandardnými šachovými figúrkami

Enregistré dans:
Détails bibliographiques
Auteur principal: Šváb, Martin (Auteur)
Autres auteurs: Komák, Martin (Directeur de thèse)
Format: Manuscrit Livre
Langue:slovaque
Publié: 2024
Sujets:
Accès en ligne:http://is.stuba.sk/zp/portal_zp.pl?podrobnosti=177172
Tags: Ajouter un tag
Pas de tags, Soyez le premier à ajouter un tag!

MARC

LEADER 00000ntm a22000003a 4500
001 stuzp100164
003 SK-STU
005 20240608213534.6
007 ta
008 150427s2015----xo-----f-mn---000-0-slo-d
040 |a STU  |b slo 
041 0 |a slo 
100 1 |a Šváb, Martin  |u 070200  |k Z4  |4 aut  |U FIIT Fakulta informatiky a informačných technológií  |T FIIT Ústav informatiky, informačných systémov a softvérového inžinierstva  |X 103154  |U I200  |Y 179  |7 103154 
242 0 1 |a Using Artificial Intelligence in Playing Chess with Nonstandard Chess Pieces  |y eng 
245 1 0 |a Využitie umelej inteligencie v hraní šachu s neštandardnými šachovými figúrkami 
260 |c 2024 
650 4 |a šachový stroj  |2 slo 
650 4 |a neurónové siete  |2 slo 
650 4 |a súborové učenie  |2 slo 
650 4 |a neural networks  |2 eng 
650 4 |a ensemble learning  |2 eng 
650 4 |a chess engine  |2 eng 
700 1 |a Komák, Martin  |u 070200  |k Z1  |4 ths  |U FIIT Fakulta informatiky a informačných technológií  |T FIIT Ústav informatiky, informačných systémov a softvérového inžinierstva  |X 68441  |U I200  |Y 179  |7 A000068441 
856 4 |u http://is.stuba.sk/zp/portal_zp.pl?podrobnosti=177172